Curatori della Biennale di Architettura di Venezia - Statistics

Statistiche generali
  • Questo quiz è stato fatto 6 volte
  • Il punteggio medio è 9 su 18
Statistiche sulle risposte
Anno Titolo Curatore % Corretto
1985 Progetto Venezia Aldo Rossi
100%
1986 Hendrik Petrus Berlage. Disegni Aldo Rossi
100%
2016 Reporting from the Front Alejandro Aravena
67%
2012 Common Ground David Chipperfield
67%
1991 V Mostra Internazionale di Architettura Francesco Dal Co
67%
2021 How we will live together? Hashim Sarkis
67%
2023 Il Laboratorio del Futuro Lesley Lokko
67%
2000 Less aesthetics more ethics Massimiliano Fuksas
67%
1980 La presenza del passato Paolo Portoghesi
67%
1982 Architettura nei paesi islamici Paolo Portoghesi
67%
2014 Fundamentals Rem Koolhaas
67%
1996 Sensori del futuro. L'architetto come sismografo Hans Hollein
33%
2018 Freespace Yvonne Farrell e Shelley McNamara
33%
2008 Out there: architecture beyond building Aaron Betsky
0%
2002 Next Deyan Sudjic
0%
2010 People meet in Architecture Kazuyo Sejima
0%
2004 Metamorph Kurt Walter Forster
0%
2006 Città, Architettura e società Richard Burdett
0%
Nessun quiz corrispondente trovato
Distribuzione punteggi
Percentuale di utenti per punteggio
Percentile per numero di risposta
I tuoi punteggi nel tempo
Non hai fatto questo quiz